Oracion que en la solemne accion de gracias por el restablecimiento de la sagrada Compañia de Jesus en los dominios de España, celebrada por el ilustrisimo dean y cabildo, y Excmo. Ayuntamiento de Cadiz, en la santa iglesia catedral de esta ciudad en 3 de septiembre de 1815. Dixo el P. F. José María Lazo de la Vega... exâminador sinodal de los obispados de Cadiz y Siguenza... Se publica á expensas del Exmô. Ayuntamiento, en la oficina de Nicolas Gomez de Requena

Detalles Bibliográficos
Autor principal: Lazo de la Vega, José María
Formato: Libro
Lenguaje:Undetermined
Spanish
Publicado: en México : en la oficina de D. Alexandro Valdés, 1816.
Materias:
Colección:Banco de datos
Acervo:Biblioteca Palafoxiana. Colección bibliográfica
Descripción Física:[6], 47 p. ; 4°
Tema general:Homilética
Notas:Número de localización: 15645-C
LEADER 01016nam a2200181Ia 4500
008 150723s9999 xx 000 0 und d
041 0 |a spa 
050 0 |a PAFX BV4207 M4 
100 1 |a Lazo de la Vega, José María 
245 1 0 |a Oracion que en la solemne accion de gracias por el restablecimiento de la sagrada Compañia de Jesus en los dominios de España, celebrada por el ilustrisimo dean y cabildo, y Excmo. Ayuntamiento de Cadiz, en la santa iglesia catedral de esta ciudad en 3 de septiembre de 1815. Dixo el P. F. José María Lazo de la Vega... exâminador sinodal de los obispados de Cadiz y Siguenza... Se publica á expensas del Exmô. Ayuntamiento, en la oficina de Nicolas Gomez de Requena 
260 |a en México : en la oficina de D. Alexandro Valdés, 1816. 
300 |a [6], 47 p. ; 4° 
500 |a Número de localización: 15645-C 
501 |a Encuadernado con 17 obras 
650 1 0 |a Homilética 
942 |c PALALIB 
943 |g Biblioteca Palafoxiana. Colección bibliográfica 
999 |c 1053768  |d 1053768